ბათუმის შოთა რუსთაველის სახელმწიფო უნივერსიტეტის ბიბლიოთეკა

Speaking to One Another: Personal. Memories of the Past in Armenia and Turkey.Wish they hadn' t left / (ბიბ.ჩანაწერი № 36464)

000 -LEADER
fixed length control field 00855nam a2200229Ia 4500
001 - CONTROL NUMBER
control field 2379
003 - CONTROL NUMBER IDENTIFIER
control field GE_BSU
005 - DATE AND TIME OF LATEST TRANSACTION
control field 20221027110521.0
008 - FIXED-LENGTH DATA ELEMENTS--GENERAL INFORMATION
fixed length control field 181216s2010tu xx |||||||||||||| ||tur||
020 ## - INTERNATIONAL STANDARD BOOK NUMBER
International Standard Book Number 978885137801
040 ## - CATALOGING SOURCE
Transcribing agency GE_BSU
041 ## - LANGUAGE CODE
Language code of text/sound track or separate title tur
080 ## - UNIVERSAL DECIMAL CLASSIFICATION NUMBER
Universal Decimal Classification number 94(479.25)+94(560) S-78
100 ## - MAIN ENTRY--PERSONAL NAME
Personal name Neyzi Leila.
9 (RLIN) 15571
245 ## - TITLE STATEMENT
Title Speaking to One Another: Personal. Memories of the Past in Armenia and Turkey.Wish they hadn' t left /
Remainder of title Leila Neyzi.
264 ## - PRODUCTION, PUBLICATION, DISTRIBUTION, MANUFACTURE, AND COPYRIGHT NOTICE
Date of production, publication, distribution, manufacture, or copyright notice 2010.
300 ## - PHYSICAL DESCRIPTION
Extent 176 p.:
653 ## - INDEX TERM--UNCONTROLLED
keyword Memories of the Past in Armenia and Turkey.Wish they hadn' t left.
653 ## - INDEX TERM--UNCONTROLLED
keyword Speaking to One Another
653 ## - INDEX TERM--UNCONTROLLED
keyword ერთმანეთთან საუბარი: პირადი. წარსულის მოგონებები სომხეთსა და თურქეთში
942 ## - ADDED ENTRY ELEMENTS (KOHA)
Koha item type წიგნი
Source of classification or shelving scheme
ეგზემპლარები
Withdrawn status Lost status Source of classification or shelving scheme Damaged status Not for loan Permanent Location Current Location Shelving location Date acquired Cost, normal purchase price Full call number Barcode Date last seen Copy number Price effective from Koha item type Public note
          ბათუმის შოთა რუსთაველის სახელმწიფო უნივერსიტეტის მთავარი ბიბლიოთეკა ბათუმის შოთა რუსთაველის სახელმწიფო უნივერსიტეტის მთავარი ბიბლიოთეკა წიგნსაცავი 2018-12-17 10.00 94(479.25)+94(560) S-78 4535 2018-12-17 4535 2018-12-17 წიგნი 10.00
          ბათუმის შოთა რუსთაველის სახელმწიფო უნივერსიტეტის მთავარი ბიბლიოთეკა ბათუმის შოთა რუსთაველის სახელმწიფო უნივერსიტეტის მთავარი ბიბლიოთეკა წიგნსაცავი 2018-12-17 10.00 94(479.25)+94(560) S-78 4537 2018-12-17 4537 2018-12-17 წიგნი 10.00